| 000 | 00876nam a2200205 4500 | ||
|---|---|---|---|
| 001 | 126572 | ||
| 003 | ES-MaACL | ||
| 005 | 20251124063455.0 | ||
| 007 | t| | ||
| 008 | 070214s1962 sp r ||||1| spa d | ||
| 100 | 1 |
_aNasser, Gamal Abd el, _d1918-1970 _984975 |
|
| 245 | 1 | 0 |
_aCarta nacional presentada por el presidente de la República Árabe Unida Gamal Abdel Nasser en el Congreso Nacional de las Fuerzas Populares : _bEl Cairo, 21 de mayo de 1962 (traducción no oficial). |
| 260 |
_aMadrid : _b[s.n.], _c1962 ( _fGráf. Norte) |
||
| 300 |
_a159 p. ; _c20 cm. |
||
| 594 | _aPrecede al tít.: República Árabe Unida. Congreso Nacional de las Fuerzas Populares. | ||
| 651 | 4 |
_aEgipto- _xHistoria- _y1952-1970. _98143 |
|
| 711 | 2 |
_aCongreso Nacional de las Fuerzas Populares _d(1962. _cEl Cairo) _9172163 |
|
| 852 |
_aES-MaACL _jC-25449 |
||
| 999 |
_c126572 _d126572 |
||